|
|
|
|
| LEADER |
02123nam a2200349 a 4500 |
| 001 |
738207 |
| 003 |
BD-DhAAL |
| 005 |
20231017102956.0 |
| 008 |
090514s1997 bg ab b 001 0 eng d |
| 010 |
|
|
|a \\\98901398
|
| 020 |
|
|
|a 9840513575
|
| 040 |
|
|
|a DLC
|c DLC
|d BD-DhAAL
|
| 082 |
0 |
0 |
|a 338.1095492
|2 21
|
| 100 |
1 |
|
|a Brammer, H.
|9 35643
|
| 245 |
1 |
0 |
|a Agricultural development possibilities in Bangladesh /
|c Hugh Brammer.
|
| 260 |
|
|
|a Dhaka, Bangladesh :
|b University Press Ltd.,
|c 1997.
|
| 300 |
|
|
|a xv, 362 pages :
|b illustrations, maps ;
|c 25 cm.
|
| 504 |
|
|
|a Includes bibliographical references (p. [345]-346) and index.
|
| 526 |
|
|
|a BIED
|
| 541 |
1 |
|
|a Complimentary copy from BIED
|e 00006089, 35529
|
| 650 |
|
0 |
|a Agriculture
|z Bangladesh.
|9 35644
|
| 650 |
|
0 |
|a Agricultural innovations
|z Bangladesh.
|9 35645
|
| 650 |
|
0 |
|a Social science
|9 35646
|
| 852 |
4 |
|
|a Ayesha Abed Library
|j BIED Collection
|
| 942 |
|
|
|2 ddc
|c BK
|
| 999 |
|
|
|c 714
|d 714
|
| 952 |
|
|
|0 0
|1 0
|2 ddc
|4 0
|6 338_109549200000000_BRA_1997
|7 0
|9 657
|a BRACUL
|b BRACUL
|c GEN
|d 2009-05-14
|g 440.00
|l 0
|o 338.1095492 BRA
|p 3010006089
|r 2009-05-14
|t 1
|v 880.00
|w 2009-05-14
|y BK
|
| 952 |
|
|
|0 0
|1 0
|2 ddc
|4 0
|6 338_109549200000000_BRA
|7 0
|9 20232
|a C3ER
|b C3ER
|c GEN
|d 2012-05-21
|e The University Press Ltd.
|g 550.00
|l 2
|m 5
|o 338.1095492 BRA
|p 3010025236
|r 2015-11-08
|s 2014-02-24
|t 2
|w 2012-05-21
|y BK
|
| 952 |
|
|
|0 0
|1 0
|2 ddc
|4 0
|6 338_100000000000000_095492_BRA
|7 0
|9 43212
|a SCL
|b SCL
|c GEN
|d 1998-11-10
|g 550.00
|l 1
|o 338.1095492 BRA
|p 3020000445
|r 2022-04-07
|s 2022-03-27
|t 3
|w 2014-07-16
|y BK
|
| 952 |
|
|
|0 0
|1 0
|2 ddc
|4 0
|6 338_109549200000000_BRA
|7 0
|9 58044
|a BRACUL
|b BRACUL
|c GEN
|d 2016-02-16
|e Development Book Agency
|g 495.00
|l 0
|o 338.1095492 BRA
|p 3010030892
|r 2016-02-16
|t 4
|w 2016-02-16
|y BK
|
| 952 |
|
|
|0 0
|1 0
|2 ddc
|4 0
|6 338_109549200000000_BRA
|7 0
|9 58045
|a BRACUL
|b BRACUL
|c GEN
|d 2016-02-16
|e Development Book Agency
|g 495.00
|l 0
|o 338.1095492 BRA
|p 3010030893
|r 2016-02-16
|t 5
|w 2016-02-16
|y BK
|
| 952 |
|
|
|0 0
|1 0
|2 ddc
|4 0
|6 338_109549200000000_BRA
|7 0
|9 66579
|a BRACUL
|b BRACUL
|c GEN
|d 2019-09-30
|e Complimentary copy from BIED
|g 495.00
|l 0
|o 338.1095492 BRA
|p 3010035529
|r 2019-09-30
|t 6
|w 2019-09-30
|y BK
|x Transferred from BIED to General Stacks
|